<?xml version="1.0" encoding="UTF-8"?>
<record
    xmlns:xsi="http://www.w3.org/2001/XMLSchema-instance"
    xsi:schemaLocation="http://www.loc.gov/MARC21/slim http://www.loc.gov/standards/marcxml/schema/MARC21slim.xsd"
    xmlns="http://www.loc.gov/MARC21/slim">

  <leader>01710nam a22002417a 4500</leader>
  <controlfield tag="001">6904</controlfield>
  <controlfield tag="003">FISKH</controlfield>
  <controlfield tag="005">20250605111422.0</controlfield>
  <controlfield tag="008">250605b        cb ||||| |||| 00| 0 eng d</controlfield>
  <datafield tag="020" ind1=" " ind2=" ">
    <subfield code="a">9789995001018</subfield>
  </datafield>
  <datafield tag="040" ind1=" " ind2=" ">
    <subfield code="a">FISKH</subfield>
    <subfield code="b">khr</subfield>
    <subfield code="c">FISKH</subfield>
    <subfield code="d">FISKH</subfield>
  </datafield>
  <datafield tag="082" ind1=" " ind2=" ">
    <subfield code="a">910</subfield>
  </datafield>
  <datafield tag="100" ind1=" " ind2=" ">
    <subfield code="a">Vat, Eng</subfield>
  </datafield>
  <datafield tag="245" ind1=" " ind2=" ">
    <subfield code="a">&#x1797;&#x17BC;&#x1798;&#x17B7;&#x179C;&#x17B7;&#x1791;&#x17D2;&#x1799;&#x17B6; &#x1790;&#x17D2;&#x1793;&#x17B6;&#x1780;&#x17CB;&#x1791;&#x17B8;&#x17E1;&#x17E1; /</subfield>
    <subfield code="c">&#x179B;&#x17C4;&#x1780;&#x200B; &#x17A2;&#x17C1;&#x1784; &#x179C;&#x17C9;&#x17B6;&#x178F;&#x17CB;,&#x179B;&#x17C4;&#x1780; &#x179F;&#x17CA;&#x17BB;&#x1793; &#x178E;&#x17B6;&#x1782;&#x17D2;&#x179A;&#x17B8; ,&#x179B;&#x17C4;&#x1780; &#x1790;&#x17C3; &#x179F;&#x17BB;&#x1781;&#x17A0;&#x17C1;&#x1784; &#x1793;&#x17B7;&#x1784;&#x200B; &#x179B;&#x17C4;&#x1780; &#x178C;&#x17B8; &#x1786;&#x17BB;&#x17C6;&#x178C;&#x17BF;&#x1793;</subfield>
  </datafield>
  <datafield tag="250" ind1=" " ind2=" ">
    <subfield code="a">&#x1794;&#x17C4;&#x17C7;&#x1796;&#x17BB;&#x1798;&#x17D2;&#x1796;&#x1786;&#x17D2;&#x1793;&#x17B6;&#x17C6;&#x17E2;&#x17E0;&#x17E2;&#x17E0;</subfield>
  </datafield>
  <datafield tag="260" ind1=" " ind2=" ">
    <subfield code="a">&#x1797;&#x17D2;&#x1793;&#x17C6;&#x1796;&#x17C1;&#x1789;:</subfield>
    <subfield code="b">&#x1782;&#x17D2;&#x179A;&#x17BA;&#x17C7;&#x179F;&#x17D2;&#x1790;&#x17B6;&#x1793;&#x1794;&#x17C4;&#x17C7;&#x1796;&#x17BB;&#x1798;&#x17D2;&#x1796;&#x1793;&#x17B7;&#x1784;&#x1785;&#x17C2;&#x1780;&#x1795;&#x17D2;&#x179F;&#x17B6;&#x1799; ,</subfield>
    <subfield code="c">2020 .</subfield>
  </datafield>
  <datafield tag="300" ind1=" " ind2=" ">
    <subfield code="a">204 pages : </subfield>
    <subfield code="b">illustrations ; </subfield>
    <subfield code="c">25 cm.</subfield>
  </datafield>
  <datafield tag="520" ind1=" " ind2=" ">
    <subfield code="a">&#x179F;&#x17C0;&#x179C;&#x1797;&#x17C5; &#x1797;&#x17BC;&#x1798;&#x17B7;&#x179C;&#x17B7;&#x1791;&#x17D2;&#x1799;&#x17B6; &#x1790;&#x17D2;&#x1793;&#x17B6;&#x1780;&#x17CB;&#x1791;&#x17B8; &#x17E1;&#x17E1; &#x1787;&#x17B6;&#x179F;&#x17C0;&#x179C;&#x1797;&#x17C5;&#x179F;&#x17B7;&#x1780;&#x17D2;&#x179F;&#x17B6;&#x179F;&#x17C6;&#x1781;&#x17B6;&#x1793;&#x17CB;&#x179F;&#x1798;&#x17D2;&#x179A;&#x17B6;&#x1794;&#x17CB;&#x179F;&#x17B7;&#x179F;&#x17D2;&#x179F;&#x1798;&#x1792;&#x17D2;&#x1799;&#x1798;&#x179F;&#x17B7;&#x1780;&#x17D2;&#x179F;&#x17B6;&#x1791;&#x17BB;&#x178F;&#x17B7;&#x1799;&#x1797;&#x17BC;&#x1798;&#x17B7; &#x178A;&#x17C2;&#x179B;&#x1795;&#x17D2;&#x178A;&#x17C4;&#x178F;&#x179B;&#x17BE;&#x1780;&#x17B6;&#x179A;&#x17A2;&#x1794;&#x17CB;&#x179A;&#x17C6;&#x179F;&#x17B7;&#x179F;&#x17D2;&#x179F;&#x17B2;&#x17D2;&#x1799;&#x1799;&#x179B;&#x17CB;&#x178A;&#x17B9;&#x1784;&#x17A2;&#x17C6;&#x1796;&#x17B8;&#x1794;&#x179A;&#x17B7;&#x179F;&#x17D2;&#x1790;&#x17B6;&#x1793;&#x1792;&#x1798;&#x17D2;&#x1798;&#x1787;&#x17B6;&#x178F;&#x17B7; &#x1794;&#x179A;&#x17B7;&#x179F;&#x17D2;&#x1790;&#x17B6;&#x1793;&#x179F;&#x1784;&#x17D2;&#x1782;&#x1798; &#x1793;&#x17B7;&#x1784;&#x1794;&#x1789;&#x17D2;&#x17A0;&#x17B6;&#x1795;&#x17D2;&#x179F;&#x17C1;&#x1784;&#x17D7;&#x178A;&#x17C2;&#x179B;&#x1796;&#x17B6;&#x1780;&#x17CB;&#x1796;&#x17D0;&#x1793;&#x17D2;&#x1792;&#x1793;&#x17B9;&#x1784;&#x1797;&#x17BC;&#x1798;&#x17B7;&#x179C;&#x17B7;&#x1791;&#x17D2;&#x1799;&#x17B6;&#x17D4;</subfield>
  </datafield>
  <datafield tag="520" ind1=" " ind2=" ">
    <subfield code="a">The Grade 11 Geography textbook is an important learning resource for upper secondary school students. It focuses on educating students about the natural environment, the human/social environment, and various issues related to geography.</subfield>
  </datafield>
  <datafield tag="700" ind1=" " ind2=" ">
    <subfield code="a">Somhors, Mao</subfield>
    <subfield code="e">Illustrator </subfield>
  </datafield>
  <datafield tag="942" ind1=" " ind2=" ">
    <subfield code="2">ddc</subfield>
    <subfield code="c">KHB</subfield>
    <subfield code="n">0</subfield>
  </datafield>
  <datafield tag="999" ind1=" " ind2=" ">
    <subfield code="c">6904</subfield>
    <subfield code="d">6904</subfield>
  </datafield>
  <datafield tag="952" ind1=" " ind2=" ">
    <subfield code="0">0</subfield>
    <subfield code="1">0</subfield>
    <subfield code="2">ddc</subfield>
    <subfield code="4">0</subfield>
    <subfield code="7">0</subfield>
    <subfield code="8">KH</subfield>
    <subfield code="a">002</subfield>
    <subfield code="b">002</subfield>
    <subfield code="c">SKB</subfield>
    <subfield code="d">2025-06-05</subfield>
    <subfield code="l">0</subfield>
    <subfield code="o">VAT 910 </subfield>
    <subfield code="p">2025-1545</subfield>
    <subfield code="r">2025-06-05 11:14:19</subfield>
    <subfield code="t">1</subfield>
    <subfield code="w">2025-06-05</subfield>
    <subfield code="y">KHB</subfield>
  </datafield>
  <datafield tag="952" ind1=" " ind2=" ">
    <subfield code="0">0</subfield>
    <subfield code="1">0</subfield>
    <subfield code="2">ddc</subfield>
    <subfield code="4">0</subfield>
    <subfield code="7">0</subfield>
    <subfield code="8">KH</subfield>
    <subfield code="a">002</subfield>
    <subfield code="b">002</subfield>
    <subfield code="c">SKB</subfield>
    <subfield code="d">2025-06-06</subfield>
    <subfield code="l">0</subfield>
    <subfield code="o">VAT 910 </subfield>
    <subfield code="p">2025-1557</subfield>
    <subfield code="r">2025-06-06 12:27:18</subfield>
    <subfield code="t">2</subfield>
    <subfield code="w">2025-06-06</subfield>
    <subfield code="y">KHB</subfield>
  </datafield>
</record>
